[Event "American Continental 06th"]
[Site "Sao Paulo"]
[Date "2009.07.25"]
[Round "1"]
[White "Ramirez, Carlos"]
[Black "Da Costa, Alex Luiz"]
[Result "1-0"]
[WhiteElo "2268"]
[BlackElo "1897"]
[PlyCount "53"]
[EventDate "2009.07.25"]
[EventType "swiss"]
[EventRounds "11"]
[EventCountry "BRA"]
[SourceTitle "CBM 132 Extra"]
[Source "ChessBase"]
[SourceDate "2009.11.03"]
[SourceVersion "1"]
[SourceVersionDate "2009.11.03"]
[SourceQuality "1"]

1. d4 Nf6 2. c4 g6 3. Nc3 Bg7 4. e4 d6 5. Nf3 0-0 6. Be2 Nbd7 7. 0-0 e5 8. Be3 Nh5 9. g3 f5 10. exf5 gxf5 11. dxe5 f4 12. Bc1 dxe5 13. Nh4 fxg3 14. Qd5+ Kh8 15. hxg3 Ndf6 16. Qh1 Ng4 17. Ne4 Qd4 18. Rd1 Qb6 19. c5 Qc6 20. Bf3 Nxf2 21. Nxf2 Qxc5 22. Re1 Bg4 23. Be3 Bxf3 24. Bxc5 Bxh1 25. Bxf8 Nxg3 26. Bxg7+ Kxg7 27. Nxh1 1-0

[Event "Pernambucano-ch"]
[Site "Recife"]
[Date "2008.10.26"]
[Round "10.2"]
[White "Da Costa, Alex Luiz"]
[Black "De Moura, Sergio Jovelino"]
[Result "0-1"]
[WhiteElo "1905"]
[BlackElo "2134"]
[PlyCount "22"]
[EventDate "2008.10.18"]
[EventType "tourn"]
[EventRounds "11"]
[EventCountry "BRA"]
[SourceTitle "EXT 2022"]
[Source "ChessBase"]
[SourceDate "2021.10.06"]
[SourceVersion "1"]
[SourceVersionDate "2021.10.06"]
[SourceQuality "1"]

1. d4 Nf6 2. c4 e6 3. Nf3 c5 4. Nc3 a6 5. Bg5 cxd4 6. Nxd4 Be7 7. e4 Qc7 8. Be2 Nc6 9. 0-0 0-0 10. f4 Nxd4 11. Qxd4 Bc5 0-1

[Event "Pernambucano-ch"]
[Site "Recife"]
[Date "2008.10.19"]
[Round "4.2"]
[White "Da Costa, Alex Luiz"]
[Black "De Andrade, Erastro Trajano"]
[Result "1-0"]
[WhiteElo "1905"]
[BlackElo "1979"]
[PlyCount "67"]
[EventDate "2008.10.18"]
[EventType "tourn"]
[EventRounds "11"]
[EventCountry "BRA"]
[SourceTitle "EXT 2022"]
[Source "ChessBase"]
[SourceDate "2021.10.06"]
[SourceVersion "1"]
[SourceVersionDate "2021.10.06"]
[SourceQuality "1"]

1. d4 Nf6 2. c4 e6 3. a3 d5 4. Nc3 c6 5. e3 Be7 6. Nf3 0-0 7. Bd3 dxc4 8. Bxc4 Nbd7 9. b4 Re8 10. 0-0 Nb6 11. Ba2 h6 12. Bb2 Nbd5 13. Rc1 Nxc3 14. Bxc3 Nd5 15. Ba1 f5 16. Bb1 Bd7 17. Ne5 Rf8 18. Ng6 Qe8 19. Nxf8 Qxf8 20. e4 fxe4 21. Bxe4 Qf4 22. Qf3 Rf8 23. Bxd5 exd5 24. Qxf4 Rxf4 25. Rfe1 Bf6 26. g3 Rf3 27. Re3 Rxe3 28. fxe3 Bg5 29. Kf2 a6 30. Bc3 Kf7 31. Bd2 Ke6 32. h4 Bf6 33. Re1 Kf7 34. Bc3 1-0

[Event "Belem Carepa Memorial"]
[Site "Belem"]
[Date "2008.03.22"]
[Round "5.9"]
[White "Da Costa, Alex Luiz"]
[Black "Rodrigues, Flavio Leite"]
[Result "1-0"]
[WhiteElo "1853"]
[BlackElo "1851"]
[PlyCount "87"]
[EventDate "2008.03.20"]
[EventType "swiss"]
[EventRounds "7"]
[EventCountry "BRA"]
[SourceTitle "EXT 2022"]
[Source "ChessBase"]
[SourceDate "2021.10.06"]
[SourceVersion "1"]
[SourceVersionDate "2021.10.06"]
[SourceQuality "1"]

1. d4 d5 2. c4 c6 3. Nc3 Nf6 4. e3 a6 5. Nf3 Bf5 6. cxd5 cxd5 7. Bd3 Bxd3 8. Qxd3 Nc6 9. a3 e6 10. 0-0 Bd6 11. b4 0-0 12. Bb2 Rc8 13. Na4 Nd7 14. Nc5 Rc7 15. Rfc1 Nxc5 16. dxc5 Be7 17. Ne5 Bf6 18. Nxc6 Rxc6 19. Bxf6 Qxf6 20. Rab1 Rfc8 21. b5 axb5 22. Qxb5 R6c7 23. c6 bxc6 24. Rxc6 Qe5 25. Rxc7 Qxc7 26. g3 g6 27. a4 Ra8 28. Ra1 Qc3 29. Rb1 Qc2 30. Rb4 Qd1+ 31. Kg2 Qa1 32. Qc6 Ra7 33. Rb8+ Kg7 34. Rb4 Qe5 35. Qe8 Qc7 36. Rb8 Qd7 37. Qh8+ Kh6 38. Qf8+ Kh5 39. g4+ Kxg4 40. Rb4+ Kg5 41. Rh4 h5 42. Rf4 h4 43. Qh8 h3+ 44. Qxh3 1-0

[Event "Natal Elo-B"]
[Site "Natal"]
[Date "2008.02.03"]
[Round "7"]
[White "Camara, Jose Arruda"]
[Black "Da Costa, Alex Luiz"]
[Result "1/2-1/2"]
[WhiteElo "1978"]
[BlackElo "1919"]
[PlyCount "101"]
[EventDate "2008.01.31"]
[EventType "tourn"]
[EventRounds "13"]
[EventCountry "BRA"]
[SourceTitle "EXT 2010"]
[Source "ChessBase"]
[SourceDate "2010.11.25"]
[SourceVersion "1"]
[SourceVersionDate "2010.11.25"]
[SourceQuality "1"]

1. e4 d6 2. d4 g6 3. Nc3 Bg7 4. Be3 Nf6 5. Be2 0-0 6. Qd2 a6 7. Bh6 b5 8. Bxg7 Kxg7 9. Bf3 e5 10. 0-0-0 Nc6 11. Nge2 Ng4 12. Bxg4 Bxg4 13. f3 Bc8 14. h4 h6 15. Nd5 f5 16. Rdf1 Ne7 17. Nxe7 Qxe7 18. Nc3 c6 19. Rd1 a5 20. dxe5 dxe5 21. Qd6 Qxd6 22. Rxd6 Bb7 23. Rhd1 Rae8 24. exf5 gxf5 25. h5 Rf6 26. Rxf6 Kxf6 27. g4 b4 28. Na4 c5 29. Nxc5 Bxf3 30. Rd6+ Kg5 31. gxf5 Kxf5 32. Rxh6 e4 33. Rh7 Rd8 34. b3 Rd1+ 35. Kb2 Kf6 36. Rh8 Ke7 37. h6 e3 38. h7 Rh1 39. Nd3 Be4 40. Nf4 Rh2 41. Kc1 Rxc2+ 42. Kd1 Rh2 43. Ke1 Bxh7 44. Nd5+ Kf7 45. Nxe3 Rh1+ 46. Kd2 Rh2+ 47. Ke1 Kg7 48. Ra8 Rxa2 49. Nc4 a4 50. Rxa4 Rxa4 51. bxa4 1/2-1/2

[Event "Natal Elo-B"]
[Site "Natal"]
[Date "2008.02.02"]
[Round "4"]
[White "Torres, Douglas da Silva"]
[Black "Da Costa, Alex Luiz"]
[Result "1-0"]
[WhiteElo "2086"]
[BlackElo "1919"]
[PlyCount "39"]
[EventDate "2008.01.31"]
[EventType "tourn"]
[EventRounds "13"]
[EventCountry "BRA"]
[SourceTitle "EXT 2010"]
[Source "ChessBase"]
[SourceDate "2010.11.25"]
[SourceVersion "1"]
[SourceVersionDate "2010.11.25"]
[SourceQuality "1"]

1. c4 Nf6 2. Nc3 e6 3. e4 d6 4. d4 c6 5. f4 Nbd7 6. e5 Ng8 7. Nf3 h6 8. Bd3 dxe5 9. fxe5 Bb4 10. 0-0 Ne7 11. a3 Bxc3 12. bxc3 c5 13. Be3 b6 14. Nh4 Bb7 15. Qh5 0-0 16. Bxh6 gxh6 17. Qxh6 f5 18. exf6 Nf5 19. Qg5+ Kh7 20. Qg7# 1-0

[Event "Natal Elo-B"]
[Site "Natal"]
[Date "2008.02.01"]
[Round "3"]
[White "Da Costa, Alex Luiz"]
[Black "Oliveira Jr, Antonio Fernandes"]
[Result "1-0"]
[WhiteElo "1919"]
[BlackElo "1872"]
[PlyCount "129"]
[EventDate "2008.01.31"]
[EventType "tourn"]
[EventRounds "13"]
[EventCountry "BRA"]
[SourceTitle "EXT 2010"]
[Source "ChessBase"]
[SourceDate "2010.11.25"]
[SourceVersion "1"]
[SourceVersionDate "2010.11.25"]
[SourceQuality "1"]

1. d4 Nf6 2. c4 g6 3. Nc3 Bg7 4. e4 d6 5. f3 0-0 6. Be3 Nbd7 7. Qd2 c6 8. h4 e5 9. d5 cxd5 10. Nxd5 Nxd5 11. cxd5 Nf6 12. Bg5 Qb6 13. Ne2 Bd7 14. Ng3 h5 15. Be3 Qd8 16. Qb4 Qb8 17. Bb5 Bxb5 18. Qxb5 a6 19. Qb4 Rc8 20. 0-0 Rc2 21. Rac1 Rc8 22. Rxc8+ Qxc8 23. Qxd6 Qc3 24. Qb6 Qd3 25. Rc1 Nd7 26. Qb3 Qxb3 27. axb3 Nf6 28. Rc7 b5 29. b4 a5 30. Rb7 axb4 31. Bc5 Ra1+ 32. Kh2 Rb1 33. Rb8+ Kh7 34. Rxb5 Rxb2 35. Rxb4 Re2 36. Be7 Ng8 37. Bd6 Nf6 38. Rb7 Kg8 39. Kh3 Nh7 40. Rb8+ Nf8 41. Be7 Rc2 42. d6 Rc7 43. Ne2 f5 44. Nc3 Kf7 45. Nd5 Ne6 46. Nb6 Rxe7 47. dxe7 Kxe7 48. Nd5+ Kd7 49. Rb7+ Kc6 50. Ra7 Bf8 51. Ra6+ Kd7 52. Nf6+ Ke7 53. exf5 gxf5 54. Nxh5 e4 55. fxe4 fxe4 56. Ng3 e3 57. Nf5+ Kf6 58. Nxe3 Bc5 59. Nc4 Kf7 60. Kg4 Ng7 61. Ne5+ Ke7 62. Rc6 Bd6 63. Ng6+ Kd7 64. Ra6 Ne6 65. h5 1-0

[Event "Natal Elo-B"]
[Site "Natal"]
[Date "2008.01.31"]
[Round "1"]
[White "Da Costa, Alex Luiz"]
[Black "Leal Assuncao, Matheus"]
[Result "1/2-1/2"]
[WhiteElo "1919"]
[BlackElo "1854"]
[PlyCount "106"]
[EventDate "2008.01.31"]
[EventType "tourn"]
[EventRounds "13"]
[EventCountry "BRA"]
[SourceTitle "EXT 2010"]
[Source "ChessBase"]
[SourceDate "2010.11.25"]
[SourceVersion "1"]
[SourceVersionDate "2010.11.25"]
[SourceQuality "1"]

1. d4 Nf6 2. c4 g6 3. Nc3 d5 4. Nf3 Bg7 5. e3 0-0 6. h3 Nc6 7. a3 Bf5 8. Bd3 Bxd3 9. Qxd3 e6 10. cxd5 Nxd5 11. 0-0 Nce7 12. b4 a5 13. b5 c6 14. Nxd5 Qxd5 15. a4 c5 16. Ba3 b6 17. Rad1 Rfd8 18. Qc2 Qf5 19. Qxf5 Nxf5 20. dxc5 bxc5 21. Bxc5 Rdc8 22. Rc1 Bb2 23. Rb1 Rxc5 24. Rxb2 Nd6 25. Nd2 Rd5 26. Rc1 Rd3 27. Rbc2 Ra3 28. Nc4 Nxc4 29. Rxc4 Kg7 30. Rb1 Rb8 31. b6 Rb7 32. Rc7 Rxc7 33. bxc7 Rc3 34. Rb7 Rc1+ 35. Kh2 Kf6 36. Kg3 e5 37. h4 Rc4 38. Kf3 Ke6 39. g4 f5 40. gxf5+ gxf5 41. h5 Kf6 42. Ra7 Kg5 43. Rxa5 e4+ 44. Kg3 Rxc7 45. f4+ exf3 46. Kxf3 Rc4 47. Ra8 Kxh5 48. a5 Ra4 49. a6 Kg6 50. a7 Kg7 51. Ke2 h5 52. Kf2 Ra2+ 53. Kg3 Ra4 1/2-1/2

[Event "Natal Magistral 4th B"]
[Site "Natal"]
[Date "2007.04.28"]
[Round "2.1"]
[White "Meneses, Luciano"]
[Black "Da Costa, Alex Luiz"]
[Result "1-0"]
[WhiteElo "2007"]
[BlackElo "1948"]
[PlyCount "145"]
[EventDate "2007.04.27"]
[EventType "tourn"]
[EventRounds "10"]
[EventCountry "BRA"]
[SourceTitle "EXT 2022"]
[Source "ChessBase"]
[SourceDate "2021.10.06"]
[SourceVersion "1"]
[SourceVersionDate "2021.10.06"]
[SourceQuality "1"]

1. d4 Nf6 2. c4 g6 3. Nc3 Bg7 4. e4 d6 5. f3 0-0 6. Be3 e5 7. d5 a6 8. Qd2 Re8 9. g4 Nbd7 10. h4 Nf8 11. Nge2 Rb8 12. Ng3 Kh8 13. h5 Ng8 14. hxg6 fxg6 15. 0-0-0 Bd7 16. Bd3 b5 17. cxb5 axb5 18. Qg2 b4 19. Nce2 c5 20. Rh3 Qa5 21. Bb1 b3 22. a3 c4 23. Nc3 Re7 24. Rdh1 Nf6 25. Qh2 Kg8 26. Rh4 Bh8 27. Bh6 Qa7 28. Kd2 Bc8 29. Ke2 Rbb7 30. Nf1 N6d7 31. Ne3 Nb6 32. Nb5 Qb8 33. Nc3 Qa7 34. Ned1 Na4 35. Nxa4 Qxa4 36. Nc3 Qa7 37. Rf1 Nd7 38. Be3 Qa5 39. Qf2 Rf7 40. Rfh1 Nf6 41. Qg1 Bg7 42. R1h2 Bh8 43. Qh1 Qa6 44. Kd1 Rbe7 45. Bg5 Qb6 46. Ke2 Ba6 47. Rh6 Bg7 48. Rxh7 Nxh7 49. Bxe7 Rxe7 50. Rxh7 Rf7 51. Rh3 Bc8 52. Qg2 Bf6 53. Nd1 Ba6 54. Nc3 Bc8 55. Rh6 Rg7 56. g5 Bd8 57. Nd1 Ba6 58. Nc3 Bc8 59. a4 Qc7 60. Nb5 Qe7 61. Qh1 Ba6 62. Rh8+ Kf7 63. Qh3 Bxb5 64. axb5 Rg8 65. Qe6+ Qxe6 66. dxe6+ Kg7 67. Rxg8+ Kxg8 68. Kd2 Kf8 69. Kc3 Bxg5 70. Kxc4 Ke7 71. Bd3 Kxe6 72. b6 Be3 73. Kb5 1-0

[Event "Natal Magistral 4th B"]
[Site "Natal"]
[Date "2007.04.27"]
[Round "1.5"]
[White "Da Costa, Alex Luiz"]
[Black "Lucena, Helianto dos Santos"]
[Result "1/2-1/2"]
[WhiteElo "1948"]
[BlackElo "1974"]
[PlyCount "184"]
[EventDate "2007.04.27"]
[EventType "tourn"]
[EventRounds "10"]
[EventCountry "BRA"]
[SourceTitle "EXT 2022"]
[Source "ChessBase"]
[SourceDate "2021.10.06"]
[SourceVersion "1"]
[SourceVersionDate "2021.10.06"]
[SourceQuality "1"]

1. d4 g6 2. c4 Bg7 3. Nc3 Nf6 4. e4 d6 5. Nf3 0-0 6. Be2 e5 7. 0-0 Bg4 8. h3 Bxf3 9. Bxf3 exd4 10. Qxd4 Nc6 11. Qd1 Qe8 12. Nb5 Qb8 13. Qe2 a6 14. Nc3 Nd4 15. Qd3 Nxf3+ 16. Qxf3 Qe8 17. Bg5 Qe6 18. Rad1 c6 19. Rfe1 Nd7 20. Qd3 Ne5 21. Qg3 Nxc4 22. b3 Ne5 23. f4 Nd7 24. f5 Qe5 25. Re3 Qxg3 26. Rxg3 Be5 27. Rf3 f6 28. Bh6 Rfe8 29. fxg6 hxg6 30. Bf4 Kg7 31. Bxe5 Nxe5 32. Rf2 Re6 33. Ne2 Nf7 34. Rdf1 Rf8 35. Ng3 Ng5 36. Rf4 Rfe8 37. h4 Nxe4 38. Nxe4 Rxe4 39. Rxf6 R8e7 40. Rxd6 Rxh4 41. Rfd1 Rhe4 42. Rd7 Re2 43. b4 Kf7 44. a4 R2e4 45. R1d4 g5 46. a5 Rxd4 47. Rxd4 Kf6 48. Kf2 Ke5 49. Ke3 Rf7 50. g3 Rc7 51. Rc4 Rd7 52. Kf3 Kf5 53. Ke3 Rd5 54. Ke2 Re5+ 55. Kf3 Re1 56. Kf2 Rb1 57. g4+ Kf6 58. Re4 Rb3 59. Rc4 Rd3 60. Ke2 Rh3 61. Kf2 Rb3 62. Ke2 Rb1 63. Kf2 Rd1 64. Ke2 Rd5 65. Kf3 Rd7 66. Ke3 Rd1 67. Ke2 Rh1 68. Kf2 Rd1 69. Ke2 Rd5 70. Ke3 Rb5 71. Kd4 Ke6 72. Ke4 Re5+ 73. Kf3 Kd5 74. Rc5+ Kd4 75. Rxe5 Kxe5 76. Ke3 Kd5 77. Kd3 c5 78. bxc5 Kxc5 79. Ke4 Kb5 80. Kf5 Kxa5 81. Kxg5 b5 82. Kf6 b4 83. g5 b3 84. g6 b2 85. g7 b1Q 86. g8Q Qf1+ 87. Ke5 Qb5+ 88. Kd4 Qb4+ 89. Qc4 Qd6+ 90. Ke3 Qe5+ 91. Kd2 Qg5+ 92. Kc2 Qg2+ 1/2-1/2